000
00227nam a2200097Ia 4500
005
20251222175818.0
008
251222s9999||||xx |||||||||||||| ||spa||
082
_a
DVD0070/L95E/1980
245
0
_a
El hombre elefante:
942
_c
DVD
999
_c
40380
_d
40380